000
00250nam a2200097Ia 4500
008
230907s9999||||xx |||||||||||||| ||und||
082
_a
003.3,COM
245
0
_a
Computational methods for solids and fluids:
300
_a
xii, 493 pages cm
942
_c
BK
999
_c
597701
_d
597701